000 00702nam a22001577a 4500
008 210712b ||||| |||| 00| 0 eng d
020 _a9780520232600
082 _a243.5 DRE
100 _aDreyfus, Georges B. J
245 _aThe sound of two hands clapping : the education of a Tibetan Buddhist monk
260 _aBerkeley, Calif :
_bUniversity of California Press,
_c2003.
300 _axv, 445 p.,
_c24 cm.
500 _aIncludes bibliographical references (p. 401-417) and index.
650 _a Buddhist monks--Education--China--Tibet Autonomous Region. Buddhist education--China--Tibet Autonomous Region. Monastic and religious life (Buddhism)--China--Tibet Autonomous Region.
942 _2ddc
999 _c8770
_d8771